000 00357 a2200157 4500
001 61272
020 _a9783468499944
040 _cAnchieta - Pituba
100 _aLind, Wolfgang
240 1 0 _aWechselspiel
_lpor
245 1 0 _aWechselspiel
300 _a158
362 0 _a2000
650 4 _aLínguas germânicas (teutônicas) língua alemã
942 _cBK
999 _c61272
_d61272